Innovation, learning, and technological dynamism of developing countries / (Record no. 1017)
[ view plain ]
| 000 -LEADER | |
|---|---|
| fixed length control field | 00586nam a22001697a 4500 |
| 008 - FIXED-LENGTH DATA ELEMENTS--GENERAL INFORMATION | |
| fixed length control field | 150609b xxu||||| |||| 00| 0 eng d |
| 020 ## - INTERNATIONAL STANDARD BOOK NUMBER | |
| International Standard Book Number | 9789280810974 |
| 041 ## - LANGUAGE CODE | |
| Language code of text/sound track or separate title | eng |
| 080 ## - UNIVERSAL DECIMAL CLASSIFICATION NUMBER | |
| Universal Decimal Classification number | 550.831 |
| 100 1# - Rafti | |
| Rafti | Sunil Mani and Henny Romijn |
| 245 00 - TITLE STATEMENT | |
| Title | Innovation, learning, and technological dynamism of developing countries / |
| Statement of responsibility, etc | edited by Sunil Mani and Henny Romijn. |
| 260 ## - | |
| -- | Tokyo ; |
| -- | United Nations University Press, |
| -- | 2004. |
| 300 ## - | |
| -- | xvii, 242 f. ; |
| -- | me il. ; |
| -- | 24 cm. |
| 650 #0 - | |
| -- | Inovacione Teknologjike |
| -- | Zhvillimet shtetërore |
| 700 1# - | |
| -- | Mani, Sunil. |
| 942 ## - ADDED ENTRY ELEMENTS (KOHA) | |
| Source of classification or shelving scheme | |
| Item type | Books |
| Withdrawn status | Lost status | Source of classification or shelving scheme | Damaged status | Not for loan | Collection code | Permanent location | Current location | Shelving location | Date acquired | Total Checkouts | Full call number | Barcode | Date last seen | Price effective from | Koha item type |
|---|---|---|---|---|---|---|---|---|---|---|---|---|---|---|---|
| Koleksioni i përgjithshem | UBT - Lipjan | UBT - Lipjan | Koleksioni i përgjithshem | 12/08/2015 | 550.831 MAN | 002-008707 | 12/08/2015 | 12/08/2015 | Books | ||||||
| Koleksioni i përgjithshem | UBT - Lipjan | UBT - Lipjan | Koleksioni i përgjithshem | 12/08/2015 | 550.831 MAN | 002-008702 | 12/08/2015 | 12/08/2015 | Books | ||||||
| Koleksioni i përgjithshem | UBT - Lipjan | UBT - Lipjan | Koleksioni i përgjithshem | 12/08/2015 | 550.831 MAN | 002-008703 | 12/08/2015 | 12/08/2015 | Books | ||||||
| Koleksioni i përgjithshem | UBT - Lipjan | UBT - Lipjan | Koleksioni i përgjithshem | 12/08/2015 | 550.831 MAN | 002-008708 | 12/08/2015 | 12/08/2015 | Books |